Geography Groups… But With Whammies - Statistics

General Stats
  • This quiz has been taken 382 times
    378 since last reset
  • The average score is 18 of 24
Answer Stats
Hint Answer % Correct
Continents, except not the ones with less than 500 million people. Asia
88%
Continents, except not the ones with less than 500 million people. Africa
87%
Continents, except not the ones with less than 500 million people. North America
86%
Countries that border South Africa, except not the ones under 50,000 square km. Botswana
85%
Countries in Indochina, except not the one that borders Malaysia. Laos
85%
Countries that border South Africa, except not the ones under 50,000 square km. Namibia
85%
Continents, except not the ones with less than 500 million people. Europe
84%
European microstates, except not the ones with yellow bands on their flags. Monaco
84%
Countries that border South Africa, except not the ones under 50,000 square km. Mozambique
84%
Countries with the Nordic Cross on their flag, except not the one with no blue on its flag. Finland
83%
Countries with the Nordic Cross on their flag, except not the one with no blue on its flag. Norway
83%
Countries with the Nordic Cross on their flag, except not the one with no blue on its flag. Sweden
83%
Countries in Indochina, except not the one that borders Malaysia. Vietnam
83%
Countries in Indochina, except not the one that borders Malaysia. Cambodia
82%
Countries that border Bolivia, except not the one that borders France. Chile
82%
Countries with the Nordic Cross on their flag, except not the one with no blue on its flag. Iceland
82%
“-stan” countries, except not the ones who touch the Caspian Sea or the Ocean. Kyrgyzstan
82%
Australian urban centres (cities) with populations over 1 million, except not the one on the West Coast. Sydney
82%
Countries in the Maghreb, except not the one that claims ownership of Western Sahara. Algeria
81%
Countries that border Bolivia, except not the one that borders France. Argentina
81%
Countries that border Bolivia, except not the one that borders France. Peru
81%
European microstates, except not the ones with yellow bands on their flags. San Marino
81%
Languages of the Americas with over 10 million speakers, except not the most common language. English
80%
Australian urban centres (cities) with populations over 1 million, except not the one on the West Coast. Melbourne
80%
“-stan” countries, except not the ones who touch the Caspian Sea or the Ocean. Tajikistan
80%
European microstates, except not the ones with yellow bands on their flags. Liechtenstein
79%
“-stan” countries, except not the ones who touch the Caspian Sea or the Ocean. Afghanistan
78%
States on the Gulf of Mexico, except not the one that borders Mexico. Florida
78%
Boroughs of New York, except not the one with the two major airports. Manhattan
78%
Countries that border Bolivia, except not the one that borders France. Paraguay
78%
Countries that border South Africa, except not the ones under 50,000 square km. Zimbabwe
78%
Languages of the Americas with over 10 million speakers, except not the most common language. French
77%
Languages of the Americas with over 10 million speakers, except not the most common language. Portuguese
77%
Great Lakes, except not the one that does not border Canada. Lake Superior
76%
Countries in the Maghreb, except not the one that claims ownership of Western Sahara. Libya
76%
Countries in the Maghreb, except not the one that claims ownership of Western Sahara. Tunisia
75%
Countries in Indochina, except not the one that borders Malaysia. Myanmar
74%
Central American countries, except not the ones with one-word capitals. Panama
74%
States on the Gulf of Mexico, except not the one that borders Mexico. Alabama
72%
States on the Gulf of Mexico, except not the one that borders Mexico. Louisiana
72%
“-stan” countries, except not the ones who touch the Caspian Sea or the Ocean. Uzbekistan
72%
Central American countries, except not the ones with one-word capitals. El Salvador
71%
Boroughs of New York, except not the one with the two major airports. Brooklyn
70%
Great Lakes, except not the one that does not border Canada. Lake Erie
70%
States on the Gulf of Mexico, except not the one that borders Mexico. Mississippi
69%
Boroughs of New York, except not the one with the two major airports. The Bronx
69%
Australian urban centres (cities) with populations over 1 million, except not the one on the West Coast. Adelaide
66%
Central American countries, except not the ones with one-word capitals. Guatemala
66%
Original members of OPEC (Org. of Petroleum Exporting Countries), except not the one led by the Shah. Saudi Arabia
66%
Original members of OPEC (Org. of Petroleum Exporting Countries), except not the one led by the Shah. Iraq
65%
Countries in the Maghreb, except not the one that claims ownership of Western Sahara. Mauritania
65%
Australian urban centres (cities) with populations over 1 million, except not the one on the West Coast. Brisbane
64%
Central American countries, except not the ones with one-word capitals. Costa Rica
64%
Great Lakes, except not the one that does not border Canada. Lake Ontario
62%
European microstates, except not the ones with yellow bands on their flags. Malta
62%
Great Lakes, except not the one that does not border Canada. Lake Huron
60%
Boroughs of New York, except not the one with the two major airports. Staten Island
60%
Original members of OPEC (Org. of Petroleum Exporting Countries), except not the one led by the Shah. Kuwait
50%
Original members of OPEC (Org. of Petroleum Exporting Countries), except not the one led by the Shah. Venezuela
45%
Languages of the Americas with over 10 million speakers, except not the most common language. Quechua
32%
No matching quizzes found
Score Distribution
Percent of People with Each Score
Percentile by Number Answered
Your Score History
You have not taken this quiz since the last reset